| 000 | 00616nam a2200205Ia 4500 | ||
|---|---|---|---|
| 005 | 20240430130948.0 | ||
| 008 | 131103s9999 xx 000 0 und d | ||
| 020 |
_a8173917108 _cRs.995.00 |
||
| 040 | _aLoreto College | ||
| 041 | _aEnglish | ||
| 082 |
_a371.42 _bSHA |
||
| 100 | _aSharma, Yogendra K. | ||
| 245 |
_aPrinciples of Educational and Vocational Guidance _cYogendra K. Sharma |
||
| 260 |
_aNew Delhi _bKanishka Publishers, Distributors _c2005 |
||
| 300 | _axvi,485p. | ||
| 504 | _aIncludes bibliographical references and index | ||
| 650 | _aVocational education | ||
| 850 | _aLCBED | ||
| 942 | _cBK | ||
| 999 |
_c36893 _d87372 |
||